000 00481nam a2200145Ia 4500
008 190813s9999 xx 000 0 und d
020 _a9781138960879
100 _aLeffert, Mark.
245 _cMark Leffert.--
_aPositive psychoanalysis :
_bmeaning aesthetics and subjective well-being /
260 _aNew York :
_bRoutledge
_c2017
300 _a177 pages.
500 _aIncluded bibliographical references and index.
650 _aPositive psychology.
650 _aPsychoanalysis.
999 _c362061
_d362061